[Event "Monarch Assurance Isle of Man 14th"]
[Site "Port Erin IOM"]
[Date "2005.09.26"]
[Round "3.38"]
[White "Young, Mel"]
[Black "Vitoux, Colomban"]
[Result "0-1"]
[WhiteElo "1971"]
[BlackElo "2264"]
[PlyCount "42"]
[EventDate "2005.09.24"]
[EventType "swiss"]
[EventRounds "9"]
[EventCountry "IOM"]

1. e4 e6 2. d4 d5 3. exd5 exd5 4. Nf3 Nc6 5. c3 Bd6 6. Bd3 Bg4 7. Be3 Nge7 8.
Nbd2 Qd7 9. Qc2 f5 10. Bg5 Qe6+ 11. Be2 O-O 12. Nb3 Ng6 13. O-O-O h6 14. Be3 f4
15. Bd3 fxe3 16. Bxg6 exf2 17. Rdf1 Bxf3 18. gxf3 Rxf3 19. Bh5 Rf6 20. Rxf2
Qe3+ 21. Rd2 Qg5 0-1

[Event "Monarch Assurance Isle of Man 14th"]
[Site "Port Erin IOM"]
[Date "2005.09.26"]
[Round "3.39"]
[White "Fox, Pierre"]
[Black "Kirschbaum, Gunnar"]
[Result "0-1"]
[WhiteElo "1815"]
[BlackElo "2204"]
[PlyCount "50"]
[EventDate "2005.09.24"]
[EventType "swiss"]
[EventRounds "9"]
[EventCountry "IOM"]

1. c4 g6 2. Nf3 Bg7 3. e4 d6 4. d4 Nf6 5. Nc3 O-O 6. Be2 e5 7. d5 a5 8. Nd2 Na6
9. h4 c6 10. h5 Bd7 11. a3 Nc5 12. Rb1 a4 13. Qc2 cxd5 14. cxd5 Rc8 15. Nc4
Nfxe4 16. Nxe4 Nxe4 17. g4 Nxf2 18. Kxf2 b5 19. Be3 bxc4 20. g5 Bf5 21. Qxa4
Bxb1 22. Rxb1 f5 23. gxf6 Qxf6+ 24. Ke1 Qh4+ 25. Kd2 c3+ 0-1

[Event "Monarch Assurance Isle of Man 14th"]
[Site "Port Erin IOM"]
[Date "2005.09.26"]
[Round "3.40"]
[White "Adams, Phil"]
[Black "Hutchinson, Norman A"]
[Result "1-0"]
[WhiteElo "2138"]
[BlackElo "2097"]
[PlyCount "85"]
[EventDate "2005.09.24"]
[EventType "swiss"]
[EventRounds "9"]
[EventCountry "IOM"]

1. e4 c6 2. c4 d5 3. exd5 cxd5 4. cxd5 Nf6 5. Nc3 Nxd5 6. Nf3 Nc6 7. Bb5 Nxc3
8. bxc3 Qa5 9. Bxc6+ bxc6 10. O-O Bg4 11. h3 Bh5 12. Re1 e6 13. g4 Bg6 14. Ne5
Qc7 15. h4 Bd6 16. d4 f6 17. Nxg6 hxg6 18. Rxe6+ Kd7 19. Qe2 Rxh4 20. Bf4 Rah8
21. Rxd6+ Qxd6 22. Bxd6 Kxd6 23. Qe4 f5 24. Qe5+ Kd7 25. Qxg7+ Kc8 26. Kg2
Rxg4+ 27. Kf3 Rh3+ 28. Ke2 Re4+ 29. Kd2 Rf4 30. Qf8+ Kd7 31. Qg7+ Kc8 32. Re1
Rxf2+ 33. Re2 Rxe2+ 34. Kxe2 Rxc3 35. Qxg6 Kb7 36. Qxf5 Kb6 37. Kd2 Rc4 38. Kd3
Ra4 39. Qc5+ Kb7 40. a3 Ra6 41. Ke4 Rb6 42. a4 Rb1 43. Ke5 1-0

[Event "Monarch Assurance Isle of Man 14th"]
[Site "Port Erin IOM"]
[Date "2005.09.26"]
[Round "3.41"]
[White "Nicholson, John"]
[Black "Wademark, Helge"]
[Result "0-1"]
[WhiteElo "2000"]
[BlackElo "2182"]
[PlyCount "102"]
[EventDate "2005.09.24"]
[EventType "swiss"]
[EventRounds "9"]
[EventCountry "IOM"]

1. e4 e6 2. d4 d5 3. e5 c5 4. c3 Nc6 5. Nf3 Qb6 6. a3 Bd7 7. Bd3 Rc8 8. dxc5
Bxc5 9. O-O Qc7 10. Qe2 a6 11. Bf4 Nge7 12. Nbd2 Ba7 13. Rad1 b5 14. Rfe1 h6
15. Nb3 Na5 16. Nbd4 Nc4 17. Rc1 Qb7 18. b3 Na5 19. a4 Bxd4 20. Nxd4 Nac6 21.
axb5 Nxd4 22. cxd4 Bxb5 23. Rxc8+ Nxc8 24. Rc1 Na7 25. Qc2 {(=)} Kd7 26. Qc5
Rc8 27. Qd6+ Ke8 28. Bxb5+ Nxb5 29. Qb4 Rxc1+ 30. Bxc1 Qe7 31. Qa4 Qc7 32. Be3
Qc6 33. h3 Ke7 34. Qb4+ Ke8 35. Qa4 Na7 36. Qb4 Qb5 37. Qa3 Nc6 38. Qd6 Ne7 39.
Qc7 Qxb3 40. Qa7 Qc4 41. g4 Qc6 42. g5 hxg5 43. Bxg5 Nc8 44. Qb8 a5 45. Qb1 g6
46. h4 Qb6 47. Qd3 Ne7 48. h5 gxh5 49. Qh7 Qxd4 50. Qh8+ Kd7 51. Qf6 Qb4 0-1

[Event "Monarch Assurance Isle of Man 14th"]
[Site "Port Erin IOM"]
[Date "2005.09.26"]
[Round "3.42"]
[White "Spanton, Tim"]
[Black "Fox, Anthony"]
[Result "1/2-1/2"]
[WhiteElo "2032"]
[BlackElo "2118"]
[PlyCount "61"]
[EventDate "2005.09.24"]
[EventType "swiss"]
[EventRounds "9"]
[EventCountry "IOM"]

1. e4 e5 2. Nf3 Nc6 3. Bb5 a6 4. Bxc6 dxc6 5. Nc3 f6 6. d4 exd4 7. Qxd4 Qxd4 8.
Nxd4 Bd7 9. Be3 O-O-O 10. O-O-O c5 11. Nde2 b6 12. Rd2 Be6 13. Rxd8+ Kxd8 14.
Rd1+ Kc8 15. Nd5 Ne7 16. Nef4 Bf7 17. Nxe7+ Bxe7 18. Nd5 Re8 19. Bf4 Bxd5 20.
Rxd5 Bd6 21. Bxd6 cxd6 22. f3 Kd7 23. c4 b5 24. cxb5 axb5 25. a3 Ra8 26. Kc2
Ra4 27. Rd3 Rc4+ 28. Rc3 Rd4 29. Rd3 Rc4+ 30. Rc3 Rd4 31. Rd3 1/2-1/2

[Event "Monarch Assurance Isle of Man 14th"]
[Site "Port Erin IOM"]
[Date "2005.09.26"]
[Round "3.43"]
[White "Ruston, Mark"]
[Black "Henderikse, Bert"]
[Result "1-0"]
[WhiteElo "2116"]
[BlackElo "2028"]
[PlyCount "78"]
[EventDate "2005.09.24"]
[EventType "swiss"]
[EventRounds "9"]
[EventCountry "IOM"]

1. e4 c6 2. Nc3 d5 3. Nf3 Bg4 4. Be2 dxe4 5. Nxe4 Nf6 6. Nxf6+ gxf6 7. d4 e6 8.
Be3 Nd7 9. a3 Nb6 10. h3 Bh5 11. g4 Bg6 12. c4 h5 13. Nh4 hxg4 14. Nxg6 fxg6
15. Bxg4 f5 16. Be2 Bg7 17. Qb3 f4 18. Bd2 Qc7 19. Bc3 O-O-O 20. Bg4 Kb8 21.
O-O-O e5 22. Ba5 c5 23. d5 e4 24. Rhe1 e3 25. f3 Be5 26. Kb1 Rd6 27. Qc2 Qg7
28. Re2 Qf6 29. Qe4 Rh7 30. Rg1 Re7 31. Qc2 Bd4 32. Be6 Rg7 33. Be1 Nd7 34. Ka2
Ne5 35. Bg4 Rb6 36. b3 Rd6 37. h4 Kc7 38. b4 Kb8 39. bxc5 Bxc5 {[presumably
time]} 1-0

[Event "Monarch Assurance Isle of Man 14th"]
[Site "Port Erin IOM"]
[Date "2005.09.26"]
[Round "3.44"]
[White "Hickman, John"]
[Black "De Lagontrie, Jean"]
[Result "1/2-1/2"]
[WhiteElo "2115"]
[BlackElo "1988"]
[PlyCount "35"]
[EventDate "2005.09.24"]
[EventType "swiss"]
[EventRounds "9"]
[EventCountry "IOM"]

1. Nf3 d5 2. d3 c5 3. Nbd2 Nc6 4. e4 d4 5. g3 e5 6. Bg2 Be7 7. O-O Bg4 8. a3 a6
9. a4 Nf6 10. Nc4 Nd7 11. c3 O-O 12. Qb3 Qc7 13. Re1 Kh8 14. h3 Be6 15. Nfd2
Bg5 16. Nf3 Be7 17. Nfd2 Bg5 18. Nf3 1/2-1/2

[Event "Monarch Assurance Isle of Man 14th"]
[Site "Port Erin IOM"]
[Date "2005.09.26"]
[Round "3.45"]
[White "Heyl, Thomas"]
[Black "Marks, Ian A"]
[Result "1-0"]
[WhiteElo "2101"]
[BlackElo "1889"]
[PlyCount "167"]
[EventDate "2005.09.24"]
[EventType "swiss"]
[EventRounds "9"]
[EventCountry "IOM"]

1. d4 Nf6 2. Nf3 d5 3. c3 Bf5 4. Qb3 Qc8 5. Bf4 e6 6. e3 Be7 7. Be2 O-O 8. O-O
c5 9. Nbd2 c4 10. Qd1 Nbd7 11. Nh4 Bg6 12. Nxg6 hxg6 13. Bf3 Qc6 14. Qe2 Bd6
15. Bxd6 Qxd6 16. Rfd1 Rab8 17. e4 dxe4 18. Nxe4 Nxe4 19. Qxe4 Nf6 20. Qe5 Rfd8
21. Qb5 Qc7 22. Re1 a6 23. Qa4 Rd6 24. Re5 b5 25. Qc2 Nd5 26. Bxd5 Rxd5 27.
Rae1 Rbd8 28. f4 R8d7 29. g3 Qd8 30. a4 b4 31. Rxd5 Rxd5 32. Qe2 bxc3 33. bxc3
Qc7 34. Rb1 a5 35. Qb2 Qc6 36. Qb8+ Kh7 37. Ra1 Rh5 38. Qb2 Qe4 39. Qd2 Qc6 40.
Qg2 Rd5 41. g4 Qc7 42. Qe4 Qd7 43. Qf3 Rd6 44. Rb1 Qd8 45. Qe2 Qc8 46. Qg2 Rd5
47. Qh3+ Kg8 48. Qg2 Kf8 49. Qb2 Qe8 50. Qa3+ Kg8 51. Qa2 Qc8 52. Qb2 Kf8 53.
Qb8 Qxb8 54. Rxb8+ Ke7 55. Rc8 g5 56. fxg5 Rxg5 57. h3 f5 58. Rc5 Rg6 59. Rxa5
fxg4 60. h4 Rf6 61. Rc5 g3 62. Kg2 Rf2+ 63. Kxg3 Ra2 64. Rxc4 Kf6 65. h5 Ra1
66. Kf3 Ke7 67. Ke4 Kd6 68. Rb4 Re1+ 69. Kd3 Ra1 70. Rb6+ Ke7 71. Rb4 Kd6 72.
Kc2 e5 73. dxe5+ Kxe5 74. Rh4 Kf6 75. Kb2 Rg1 76. Rb4 Rh1 77. Rb5 g5 78. hxg6
Kxg6 79. a5 Rh2+ 80. Kb3 Rh1 81. Kb4 Rb1+ 82. Kc5 Rc1 83. c4 Kf7 84. a6 1-0

[Event "Monarch Assurance Isle of Man 14th"]
[Site "Port Erin IOM"]
[Date "2005.09.26"]
[Round "3.46"]
[White "Henrichsen, Jens"]
[Black "McKenzie, Mark"]
[Result "1-0"]
[WhiteElo "2075"]
[BlackElo "1249"]
[PlyCount "51"]
[EventDate "2005.09.24"]
[EventType "swiss"]
[EventRounds "9"]
[EventCountry "IOM"]

1. d4 d5 2. c4 e6 3. Nf3 Nf6 4. Nc3 Be7 5. Bg5 O-O 6. e3 c5 7. dxc5 Bxc5 8.
cxd5 exd5 9. Rc1 Be6 10. Be2 Nbd7 11. O-O h6 12. Bh4 Be7 13. Nd4 g5 14. Bg3 Nb6
15. Nxe6 fxe6 16. Nb5 Ne8 17. Qc2 Ng7 18. Qc7 Qd7 19. Qxd7 Nxd7 20. Rc7 Rfd8
21. Rxb7 Rac8 22. Bc7 Rf8 23. Ba5 Rfd8 24. Bxd8 Rxd8 25. Nxa7 Nf5 26. Nc6 1-0

[Event "Monarch Assurance Isle of Man 14th"]
[Site "Port Erin IOM"]
[Date "2005.09.27"]
[Round "4.2"]
[White "Kuzubov, Yuriy"]
[Black "Kobalia, Mikhail"]
[Result "0-1"]
[WhiteElo "2535"]
[BlackElo "2614"]
[PlyCount "130"]
[EventDate "2005.09.24"]
[EventType "swiss"]
[EventRounds "9"]
[EventCountry "IOM"]

1. d4 d5 2. c4 c6 3. Nf3 Nf6 4. Nc3 a6 5. e3 e6 6. b3 Bb4 7. Bd2 O-O 8. Bd3
Nbd7 9. O-O Bd6 10. Qc2 h6 11. e4 dxc4 12. bxc4 e5 13. c5 Bc7 14. Na4 exd4 15.
h3 Re8 16. Rab1 Nh5 17. g3 Rb8 18. Kg2 Nf8 19. Nb6 Be6 20. Rb2 Ng6 21. Rfb1 Qf6
22. Qd1 Rbd8 23. a4 {(=)} Qe7 24. Qc2 Bb8 25. Nc4 Bc8 26. Nb6 Be6 27. Nc4 Bc8
28. Na5 Qe6 29. Rh1 Qd7 30. Qb1 Re7 31. Nc4 Bc7 32. Nb6 Bxb6 33. Rxb6 Nf6 34.
Ba5 Rde8 35. Rb4 Rxe4 36. Bxe4 Rxe4 37. Qd1 Nd5 38. Rxd4 Re8 39. Qc2 Qe6 40.
Bd2 Qf6 41. Re4 Rd8 42. Ba5 Rf8 43. Qe2 Bf5 44. Rd4 Bd7 45. Re1 Qf5 46. Ng1 Be6
47. Qe4 Qh5 48. Qc2 Nf6 49. Bd2 Bd5+ 50. f3 Nd7 51. Re3 Nde5 52. Kf2 f5 53. Rc3
f4 54. Bxf4 Nxf4 55. Rxf4 Rxf4 56. gxf4 Qh4+ 57. Ke3 Qe1+ 58. Ne2 Nxf3 59. Rd3
Nh4 60. Kd4 Qb4+ 61. Ke5 Ng6+ 62. Kd6 Qa5 63. Kd7 Nf8+ 64. Kc8 Ne6 65. Kb8 Nxc5
0-1

[Event "Monarch Assurance Isle of Man 14th"]
[Site "Port Erin IOM"]
[Date "2005.09.27"]
[Round "4.3"]
[White "Brodsky, Michail"]
[Black "Epishin, Vladimir"]
[Result "1/2-1/2"]
[WhiteElo "2554"]
[BlackElo "2600"]
[PlyCount "21"]
[EventDate "2005.09.24"]
[EventType "swiss"]
[EventRounds "9"]
[EventCountry "IOM"]

1. d4 d5 2. c4 c6 3. Nf3 Nf6 4. e3 Bf5 5. Bd3 Bxd3 6. Qxd3 e6 7. O-O Nbd7 8.
Nc3 Bb4 9. Bd2 a5 10. Rfd1 O-O 11. Rac1 1/2-1/2

[Event "Monarch Assurance Isle of Man 14th"]
[Site "Port Erin IOM"]
[Date "2005.09.27"]
[Round "4.5"]
[White "Sundararajan, Kidambi"]
[Black "Ikonnikov, Vyacheslav"]
[Result "0-1"]
[WhiteElo "2484"]
[BlackElo "2560"]
[PlyCount "90"]
[EventDate "2005.09.24"]
[EventType "swiss"]
[EventRounds "9"]
[EventCountry "IOM"]

1. d4 f5 2. g3 Nf6 3. Bg2 g6 4. Nf3 Bg7 5. O-O O-O 6. b3 d6 7. Bb2 h6 8. c4 Qe8
9. Qc2 g5 10. Nbd2 Qh5 11. e3 Na6 12. a3 c6 13. Rae1 Bd7 14. e4 fxe4 15. Nxe4
Nxe4 16. Qxe4 Rf7 17. Qe3 Raf8 18. Nd2 Nc7 19. Ne4 g4 20. Qd2 Ne6 21. d5 cxd5
22. cxd5 Ng5 23. Nxg5 hxg5 24. Be4 Bxb2 25. Qxb2 Bb5 26. Qc2 Bxf1 27. Rxf1 Rf6
28. Qe2 Rh6 29. f3 Rhf6 30. Kg2 Qh3+ 31. Kg1 gxf3 32. Bxf3 Qh7 33. Bg2 Rxf1+
34. Bxf1 Qf5 35. Bg2 Qe5 36. Be4 Kg7 37. Kg2 Rf6 38. Qc2 Qd4 39. Qe2 e6 40. Bf3
e5 41. Be4 Kf8 42. a4 Ke7 43. Bf3 Kd8 44. Qc2 g4 45. Be4 Qe3 0-1

[Event "Monarch Assurance Isle of Man 14th"]
[Site "Port Erin IOM"]
[Date "2005.09.27"]
[Round "4.6"]
[White "Palliser, Richard"]
[Black "Postny, Evgeny"]
[Result "0-1"]
[WhiteElo "2389"]
[BlackElo "2559"]
[PlyCount "80"]
[EventDate "2005.09.24"]
[EventType "swiss"]
[EventRounds "9"]
[EventCountry "IOM"]

1. d4 d5 2. c4 c6 3. Nf3 Nf6 4. Nc3 a6 5. e3 b5 6. b3 Bf5 7. Ne5 h6 8. g4 Bh7
9. Bg2 e6 10. O-O Bd6 11. f4 O-O 12. Bd2 Nfd7 13. a4 bxc4 14. bxc4 Bxe5 15.
fxe5 Bd3 16. Rf3 Bxc4 17. g5 h5 18. Rh3 g6 19. e4 Kg7 20. a5 Ra7 21. Rb1 Qc7
22. Na4 Rb7 23. Bb4 Rxb4 24. Rxb4 c5 25. dxc5 Nc6 26. Rb1 d4 27. Nb6 Ndxe5 28.
Nxc4 Nxc4 29. Bf1 N4e5 30. Bxa6 Qxa5 31. Bb5 Rc8 32. Qf1 Kg8 33. Bxc6 Nxc6 34.
Rc1 Qd2 35. Rg3 h4 36. Rb3 Qxg5+ 37. Kh1 Ne5 38. Rb7 d3 39. Rd1 Qe3 40. Re1
Qxc5 0-1

[Event "Monarch Assurance Isle of Man 14th"]
[Site "Port Erin IOM"]
[Date "2005.09.27"]
[Round "4.7"]
[White "Gormally, Daniel"]
[Black "Goletiani, Rusudan"]
[Result "1-0"]
[WhiteElo "2557"]
[BlackElo "2332"]
[PlyCount "77"]
[EventDate "2005.09.24"]
[EventType "swiss"]
[EventRounds "9"]
[EventCountry "IOM"]

1. d4 Nf6 2. Nf3 e6 3. c4 c5 4. d5 d6 5. Nc3 exd5 6. cxd5 a6 7. e4 Bg4 8. Qb3
b5 9. Nd2 g6 10. a4 b4 11. Nd1 Bxd1 12. Qxd1 Qe7 13. Bd3 Bg7 14. O-O O-O 15.
Nc4 Nbd7 16. Bf4 Ne8 17. a5 Ra7 18. Qe2 Ne5 19. Nxe5 Bxe5 20. Bxe5 Qxe5 21.
Bxa6 Nc7 22. Bc4 Re8 23. Rfe1 Kg7 24. Qd2 Rea8 25. f4 Qe7 26. e5 Rxa5 27. Rxa5
Rxa5 28. f5 gxf5 29. exd6 Qxd6 30. Qg5+ Kh8 31. Qxf5 Ra8 32. Bd3 Qg6 33. Qe5+
f6 34. Qe3 Qg5 35. Qh3 Qg7 36. d6 Nd5 37. Qf3 Qg5 38. d7 Kg7 39. Re8 1-0

[Event "Monarch Assurance Isle of Man 14th"]
[Site "Port Erin IOM"]
[Date "2005.09.27"]
[Round "4.9"]
[White "Ghaem Maghami, Ehsan"]
[Black "Zatonskih, Anna"]
[Result "1/2-1/2"]
[WhiteElo "2603"]
[BlackElo "2435"]
[PlyCount "35"]
[EventDate "2005.09.24"]
[EventType "swiss"]
[EventRounds "9"]
[EventCountry "IOM"]

1. d4 e6 2. e4 d5 3. Nc3 dxe4 4. Nxe4 Nd7 5. Nf3 Ngf6 6. Bg5 h6 7. Nxf6+ Nxf6
8. Bd2 c5 9. Bd3 cxd4 10. Qe2 Qd5 11. O-O Bd6 12. Bc4 Qe4 13. Rfe1 Qxe2 14.
Rxe2 Bc5 15. Bf4 O-O 16. Be5 Rd8 17. Rd1 b6 18. Red2 1/2-1/2

[Event "Monarch Assurance Isle of Man 14th"]
[Site "Port Erin IOM"]
[Date "2005.09.27"]
[Round "4.10"]
[White "Galkin, Alexander"]
[Black "Dworakowska, Joanna"]
[Result "1-0"]
[WhiteElo "2598"]
[BlackElo "2401"]
[PlyCount "45"]
[EventDate "2005.09.24"]
[EventType "swiss"]
[EventRounds "9"]
[EventCountry "IOM"]

1. e4 c5 2. Nf3 d6 3. d4 cxd4 4. Nxd4 Nf6 5. Nc3 a6 6. Be2 e5 7. Nb3 Be7 8. O-O
O-O 9. Kh1 b5 10. a4 b4 11. Nd5 Nxd5 12. Qxd5 Ra7 13. Be3 Be6 14. Qd2 Rb7 15.
f4 Qc7 16. f5 Bd7 17. f6 Bxf6 18. Rxf6 gxf6 19. Bh6 Re8 20. Bxa6 Nxa6 21. Qf2
Bf5 22. Qxf5 Qd7 23. Qf3 1-0

[Event "Monarch Assurance Isle of Man 14th"]
[Site "Port Erin IOM"]
[Date "2005.09.27"]
[Round "4.11"]
[White "Lalic, Bogdan"]
[Black "Erenburg, Sergey"]
[Result "1/2-1/2"]
[WhiteElo "2491"]
[BlackElo "2595"]
[PlyCount "32"]
[EventDate "2005.09.24"]
[EventType "swiss"]
[EventRounds "9"]
[EventCountry "IOM"]

1. d4 d5 2. c4 c6 3. Nf3 Nf6 4. Nc3 e6 5. e3 a6 6. c5 Nbd7 7. b4 g6 8. Bd3 Bg7
9. Bb2 O-O 10. O-O Qc7 11. e4 e5 12. exd5 cxd5 13. dxe5 {(=)} Nxe5 14. Nb5
Nxf3+ 15. Qxf3 axb5 16. Bxf6 Bg4 1/2-1/2

[Event "Monarch Assurance Isle of Man 14th"]
[Site "Port Erin IOM"]
[Date "2005.09.27"]
[Round "4.12"]
[White "Howell, David W"]
[Black "Kogan, Artur"]
[Result "1-0"]
[WhiteElo "2471"]
[BlackElo "2580"]
[PlyCount "88"]
[EventDate "2005.09.24"]
[EventType "swiss"]
[EventRounds "9"]
[EventCountry "IOM"]

1. e4 d5 2. exd5 Qxd5 3. Nc3 Qa5 4. d4 Nf6 5. Nf3 c6 6. Bc4 Bf5 7. Bd2 e6 8.
Qe2 Bb4 9. O-O-O Nbd7 10. a3 Bxc3 11. Bxc3 Qc7 12. Ne5 h5 13. Nxd7 Kxd7 14. d5
cxd5 15. Bxf6 Qf4+ 16. Kb1 gxf6 17. Bxd5 exd5 18. Rxd5+ Kc8 19. Qe7 Kb8 20. g3
Bxc2+ 21. Ka1 Qc7 22. Qxc7+ Kxc7 23. Rc1 Kc6 24. Rd4 Kc5 25. Rd7 Rad8 26. Rxc2+
Kb6 27. Rxf7 Rhf8 28. Rh7 Rh8 29. Rxh8 Rxh8 30. Re2 Rh6 31. Re4 Rg6 32. Re6+
Kc5 33. Re7 Kc6 34. h4 Rh6 35. Kb1 a5 36. Kc2 b5 37. Rf7 Kd5 38. Kd3 a4 39. Rf8
Kd6 40. Ke4 Rg6 41. Rh8 Rg4+ 42. Kd3 b4 43. Rxh5 b3 44. Rf5 Rxg3+ 1-0

[Event "Monarch Assurance Isle of Man 14th"]
[Site "Port Erin IOM"]
[Date "2005.09.27"]
[Round "4.13"]
[White "David, Alberto"]
[Black "Sareen, Vishal"]
[Result "1-0"]
[WhiteElo "2579"]
[BlackElo "2385"]
[PlyCount "71"]
[EventDate "2005.09.24"]
[EventType "swiss"]
[EventRounds "9"]
[EventCountry "IOM"]

1. Nf3 c5 2. c4 Nf6 3. d4 cxd4 4. Nxd4 e5 5. Nb5 d5 6. cxd5 Bc5 7. e3 Bf5 8.
N5c3 O-O 9. Be2 Nbd7 10. Nd2 e4 11. g4 Bg6 12. h4 h6 13. g5 hxg5 14. hxg5 Nh7
15. Ndxe4 Nxg5 16. Nxc5 Nxc5 17. Qd4 Nce4 18. Nxe4 Nxe4 19. Qe5 Rc8 20. f3 Ng5
21. e4 Nh7 22. Bd2 Re8 23. Qd4 Qd6 24. Bc3 f6 25. O-O-O Ng5 26. Rhg1 Qf4+ 27.
Qd2 Qd6 28. Rxg5 fxg5 29. Qxg5 Rc7 30. Rg1 Bh7 31. Kd2 Ree7 32. Bd3 Qb6 33. Qe3
Qd6 34. Rg2 b6 35. Qg5 Qc5 36. Rh2 {time} 1-0

[Event "Monarch Assurance Isle of Man 14th"]
[Site "Port Erin IOM"]
[Date "2005.09.27"]
[Round "4.14"]
[White "Neelotpal, Das"]
[Black "Mikhalevski, Victor"]
[Result "0-1"]
[WhiteElo "2467"]
[BlackElo "2572"]
[Annotator "corrected score"]
[PlyCount "82"]
[EventDate "2005.09.24"]
[EventType "swiss"]
[EventRounds "9"]
[EventCountry "IOM"]

1. e4 e5 2. Nf3 Nc6 3. Bb5 a6 4. Ba4 Nf6 5. O-O Nxe4 6. d4 b5 7. Bb3 d5 8. dxe5
Be6 9. Nbd2 Nc5 10. c3 g6 11. Bc2 Bg7 12. Nd4 Nxe5 13. f4 Nc4 14. Nxc4 dxc4 15.
f5 Bd5 16. Qe1+ Kd7 17. Qg3 Kc8 18. Bg5 Qd7 19. Rae1 f6 20. Bc1 g5 21. b4 cxb3
22. axb3 Bf8 23. Ba3 Nxb3 24. Bxb3 Bxa3 25. Re6 Bc5 26. Kh1 Kb7 27. Rxf6 Bxd4
28. cxd4 Rhe8 29. Rc1 Rac8 30. Bxd5+ Qxd5 31. Qa3 c6 32. Ra1 a5 33. Rd6 b4 34.
Qg3 Qxf5 35. h3 Qf4 36. Qxf4 gxf4 37. Rxa5 Red8 38. Rh6 Rc7 39. d5 Rxd5 40.
Rxd5 cxd5 41. Rh4 Rf7 {[corrected score]} 0-1

[Event "Monarch Assurance Isle of Man 14th"]
[Site "Port Erin IOM"]
[Date "2005.09.27"]
[Round "4.15"]
[White "Fridman, Daniel"]
[Black "Gupta, Abhijeet"]
[Result "1/2-1/2"]
[WhiteElo "2566"]
[BlackElo "2380"]
[PlyCount "47"]
[EventDate "2005.09.24"]
[EventType "swiss"]
[EventRounds "9"]
[EventCountry "IOM"]

1. Nf3 Nf6 2. c4 Nc6 3. d4 e6 4. a3 d6 5. g3 g6 6. Bg2 Bg7 7. O-O O-O 8. Nc3
Re8 9. Re1 Bd7 10. e4 e5 11. d5 Nd4 12. Nxd4 exd4 13. Nb5 Bxb5 14. cxb5 a6 15.
bxa6 Rxa6 16. b4 c6 17. Rb1 cxd5 18. exd5 Rxe1+ 19. Qxe1 Nd7 20. Bb2 Ne5 21.
Qd1 Qd7 22. Bxd4 Rxa3 23. Bb2 Ra8 24. Ra1 1/2-1/2

[Event "Monarch Assurance Isle of Man 14th"]
[Site "Port Erin IOM"]
[Date "2005.09.27"]
[Round "4.16"]
[White "Kolbus, Dietmar"]
[Black "Malakhatko, Vadim"]
[Result "0-1"]
[WhiteElo "2416"]
[BlackElo "2556"]
[PlyCount "120"]
[EventDate "2005.09.24"]
[EventType "swiss"]
[EventRounds "9"]
[EventCountry "IOM"]

1. c4 e6 2. Nf3 d5 3. d4 Nf6 4. Bg5 h6 5. Bxf6 Qxf6 6. Nc3 c6 7. e3 Nd7 8. Rc1
g6 9. Be2 Bg7 10. b4 a6 11. a4 dxc4 12. Bxc4 O-O 13. O-O Qe7 14. b5 axb5 15.
axb5 c5 16. Be2 cxd4 17. Nxd4 Nb6 18. Ra1 Rxa1 19. Qxa1 e5 20. Nf3 Be6 21. Qa5
Nc4 22. Bxc4 Bxc4 23. Rc1 Rd8 24. Ne4 Bd5 25. Rd1 Rd7 26. Nc3 Bc4 27. Nd2 Be6
28. Nf1 Rxd1 29. Nxd1 Bf8 30. Nc3 Qb4 31. Qa1 Bc4 32. Nd2 Bxb5 33. Nxb5 Qxb5
34. g3 Qd5 35. Qb2 b5 36. Qc2 b4 37. h4 h5 38. Kf1 f5 39. e4 Qe6 40. exf5 gxf5
41. Ke2 e4 42. Nc4 Bg7 43. Qb3 Bc3 44. Kf1 Kg7 45. Kg2 Qd5 46. Kg1 e3 47. fxe3
Qf3 48. Qc2 Qxg3+ 49. Qg2 Qxg2+ 50. Kxg2 b3 51. Kf3 Be5 52. Ke2 b2 53. Nd2 Bf6
54. e4 fxe4 55. Ke3 Bxh4 56. Kxe4 Be1 57. Nb1 Bb4 58. Kf5 Kh6 59. Kf4 Kg6 60.
Kg3 Kf5 0-1

[Event "Monarch Assurance Isle of Man 14th"]
[Site "Port Erin IOM"]
[Date "2005.09.27"]
[Round "4.17"]
[White "Aagaard, Jacob"]
[Black "Kritz, Leonid"]
[Result "0-1"]
[WhiteElo "2442"]
[BlackElo "2544"]
[PlyCount "60"]
[EventDate "2005.09.24"]
[EventType "swiss"]
[EventRounds "9"]
[EventCountry "IOM"]

1. e4 c5 2. Nf3 Nc6 3. d4 cxd4 4. Nxd4 Qb6 5. Nb3 Nf6 6. Nc3 e6 7. Qe2 Qc7 8.
g4 d6 9. Be3 a6 10. O-O-O b5 11. g5 Nd7 12. h4 Bb7 13. h5 b4 14. Na4 Na5 15.
Kb1 Nxb3 16. axb3 Bxe4 17. Rh4 Qb7 18. Rxe4 Qxe4 19. f4 Qc6 20. Bg2 d5 21. c4
bxc3 22. Nxc3 Rc8 23. Rxd5 Qc7 24. g6 hxg6 25. hxg6 fxg6 26. Rg5 Kf7 27. Be4
Rh6 28. Bxg6+ Kg8 29. Rg1 Bc5 30. Qg4 Nf8 0-1

[Event "Monarch Assurance Isle of Man 14th"]
[Site "Port Erin IOM"]
[Date "2005.09.27"]
[Round "4.18"]
[White "Sulskis, Sarunas"]
[Black "Allen, Keith"]
[Result "1-0"]
[WhiteElo "2535"]
[BlackElo "2210"]
[PlyCount "81"]
[EventDate "2005.09.24"]
[EventType "swiss"]
[EventRounds "9"]
[EventCountry "IOM"]

1. e4 c5 2. Nf3 d6 3. c3 Nf6 4. Bd3 Bg4 5. Bc2 Nc6 6. d3 e6 7. Nbd2 Be7 8. h3
Bh5 9. g4 Bg6 10. Nh4 Nd7 11. Nxg6 hxg6 12. f4 Bh4+ 13. Ke2 Be7 14. Nf3 Qc7 15.
Kf2 O-O-O 16. d4 d5 17. e5 Kb8 18. Kg2 Rc8 19. Bb1 Qb6 20. Re1 cxd4 21. cxd4
Rc7 22. Re2 Rhc8 23. Be3 Na5 24. b3 Bb4 25. Bd3 Ba3 26. Qf1 Nc6 27. Rd1 Nb4 28.
Bb1 Ka8 29. Ne1 Nb8 30. f5 gxf5 31. gxf5 Bc1 32. Bg1 Rc3 33. Nd3 Nxd3 34. Rxd3
Bh6 35. Rxc3 Rxc3 36. Rc2 Rxc2+ 37. Bxc2 exf5 38. Qxf5 Qc7 39. Bd1 g6 40. Qf6
Nc6 41. Qh8+ 1-0

[Event "Monarch Assurance Isle of Man 14th"]
[Site "Port Erin IOM"]
[Date "2005.09.27"]
[Round "4.19"]
[White "Cox, John"]
[Black "Wells, Peter"]
[Result "1-0"]
[WhiteElo "2385"]
[BlackElo "2529"]
[PlyCount "83"]
[EventDate "2005.09.24"]
[EventType "swiss"]
[EventRounds "9"]
[EventCountry "IOM"]

1. d4 Nf6 2. c4 g6 3. Nc3 d5 4. cxd5 Nxd5 5. e4 Nxc3 6. bxc3 Bg7 7. Bc4 c5 8.
Ne2 Nc6 9. Be3 O-O 10. O-O Bd7 11. Rb1 a6 12. Bb3 cxd4 13. cxd4 Na5 14. Qd2 Bb5
15. Rfc1 Nxb3 16. Rxb3 Qd7 17. Nc3 Bc4 18. Rb4 b5 19. Na4 Qd6 20. d5 Rab8 21.
Nb6 Rxb6 22. Bxb6 f5 23. Rbxc4 bxc4 24. Bd4 e5 25. Bc3 Rb8 26. a3 fxe4 {(=)}
27. Bb4 Qd7 28. d6 Qe6 29. h3 Rb7 30. Qe2 a5 31. Bxa5 Qxd6 32. Qxc4+ Rf7 33.
Qb3 Qd3 34. Rc8+ Bf8 35. Qxd3 exd3 36. Bb4 Kg7 37. Bxf8+ Rxf8 38. Rxf8 Kxf8 39.
Kf1 e4 40. Ke1 Ke7 41. Kd2 Kd6 42. f3 1-0

[Event "Monarch Assurance Isle of Man 14th"]
[Site "Port Erin IOM"]
[Date "2005.09.27"]
[Round "4.20"]
[White "Fairbairn, Stephen"]
[Black "Bobras, Piotr"]
[Result "0-1"]
[WhiteElo "2065"]
[BlackElo "2525"]
[PlyCount "80"]
[EventDate "2005.09.24"]
[EventType "swiss"]
[EventRounds "9"]
[EventCountry "IOM"]

1. b3 e5 2. Bb2 Nc6 3. c4 Nf6 4. e3 d5 5. cxd5 Nxd5 6. a3 Bd6 7. Qc2 O-O 8. Nf3
Qe7 9. d3 Kh8 10. Be2 Bd7 11. Nbd2 a5 12. O-O Rad8 13. Nc4 f5 14. Rad1 b5 15.
Nxd6 cxd6 16. Nd2 Rc8 17. Qb1 Be6 18. Bf3 Qa7 19. Rc1 Nce7 20. e4 Nf4 21. Rxc8
Rxc8 22. exf5 Nxf5 23. g3 Nh3+ 24. Kg2 Rc2 25. Qxc2 Qxf2+ 26. Rxf2 Ne3+ 27. Kh1
Nxf2+ 28. Kg1 Nh3+ 29. Kh1 Nf2+ 30. Kg1 Nh3+ 31. Kh1 Nxc2 32. Ne4 Ne1 33. Be2
b4 34. axb4 axb4 35. Bc1 Bd5 36. Be3 Nc2 37. Kg2 Nxe3+ 38. Kxh3 Bxb3 39. Nxd6
Be6+ 40. Kh4 b3 0-1